| 000 | 01004cam a2200325 i 4500 | ||
|---|---|---|---|
| 001 | 200465558 | ||
| 003 | TR-AnTOB | ||
| 005 | 20250922154330.0 | ||
| 007 | ta | ||
| 008 | 041102s20062003tur||||| |||| 00| 0 tur d | ||
| 020 | _a9754586934 | ||
| 020 | _a9754586926 | ||
| 040 |
_aTR-AnTOB _beng _erda _cTR-AnTOB |
||
| 041 | 1 |
_atur _hira |
|
| 050 | 1 | 4 |
_aPK6518.T8 _bE98d 2006 |
| 090 |
_aPK6518.T8 _bE98d 2006 |
||
| 100 | 0 |
_aOmar Khayyam _913926 _eauthor |
|
| 245 | 1 | 0 |
_aDörtlükler / _cÖmer Hayyam ; çeviren Sabahattin Eyuboğlu. |
| 250 | _aV. baskı Kasım 2006 | ||
| 264 | 1 |
_aİstanbul : _bTürkiye İş Bankası Kültür Yayınları, _c2006. |
|
| 300 |
_a196 pages ; _c21 cm |
||
| 336 |
_atext _btxt _2rdacontent |
||
| 337 |
_aunmediated _bn _2rdamedia |
||
| 338 |
_avolume _bnc _2rdacarrier |
||
| 490 | 0 |
_aGenel yayın ; _v759 _aHasan Ali Yücel klasikler dizisi ; _vXXI |
|
| 700 | 1 |
_aEyuboğlu, Sabahattin, _d1908-1973 _926090 |
|
| 902 | _a0002832 | ||
| 942 |
_cBK _2lcc |
||
| 999 |
_c200465558 _d83770 |
||